[Event "2nd IMSA Basque 2017-Women"]
[Site "Huaian"]
[Date "2017.12.14"]
[Round "2"]
[White "Muzychuk, Anna"]
[Black "Zhao, Xue"]
[Result "0-1"]
[WhiteElo "2582"]
[BlackElo "2477"]
[Annotator "TA"]
[PlyCount "108"]
[EventDate "2017.??.??"]
[EventType "tourn"]
[EventCountry "CHN"]
[SourceTitle "playchess.com"]
[Source "ChessBase"]
[SourceQuality "1"]

{[%evp 18,108,33,31,40,36,36,27,34,7,12,8,20,10,22,14,18,12,24,0,7,7,0,0,8,7,7,-36,0,0,0,-20,6,0,0,-3,-12,-76,0,0,0,0,0,0,0,0,0,-187,-187,-173,-180,-169,-172,-219,-206,-250,-245,-253,-247,-249,-214,-260,-238,-281,-254,-325,-312,-314,-305,-290,0,-269,-247,-255,-255,-308,-302,-305,-214,-415,-419,-471,-456,-407,-406,-29995,-387,-477,-331,-738,-351,-543,-542]} 1. e4 c6 2. d4 d5 3. Nc3 dxe4 4. Nxe4 Nf6 5. Nxf6+ exf6 6. c3 Bd6 7. Bd3 O-O 8. Qc2 Re8+ 9. Ne2 h6 10. O-O Qc7 {B15: Caro-Kann: 3 Nc3: 3...g6 and 3...dxe4 4 Nxe4 Nf6 5 Nxf6+ exf6} 11. h3 Nd7 12. b3 $146 ({Predecessor:} 12. c4 c5 13. Be3 a6 14. Rac1 cxd4 15. Nxd4 Nc5 16. Bf5 Bh2+ 17. Kh1 Bf4 18. Bxf4 Qxf4 {½-½ (64) Idani,P (2578)-Sokolov,I (2626) Bandar e Anzali 2017}) 12... c5 {White has an edge.} 13. Bb2 cxd4 14. Nxd4 Nc5 15. Nb5 Bh2+ 16. Kh1 Qb8 17. Rfe1 {[%cal Re1e8]} Bd7 18. Bf1 a6 {And now ...Rxe1 would win.} (18... Be5 {keeps more tension.} 19. c4 Bxb2 20. Qxb2 Qf4 21. Kg1 Bxb5 22. cxb5 Rxe1 23. Rxe1 Rd8) 19. Rxe8+ Bxe8 20. Nd4 {g3 is the strong threat.} Be5 21. c4 Qc7 22. Nf3 Bd6 23. Re1 b6 24. a3 Bd7 25. b4 Ne6 {[%cal Bc5e6,Be6g5,Bg5f3][%mdl 32]} 26. Nd4 a5 27. Nf5 (27. Qe4 $11 {remains equal.} Re8 28. Nb5 Bxb5 29. cxb5) 27... Bf8 (27... axb4 $17 28. Nxd6 bxa3 29. Nxf7 (29. Qe4 $2 Bc6 $17) 29... Kxf7 30. Bxf6 gxf6 31. Qh7+ Ng7) 28. Qe4 Rd8 29. Bc3 axb4 30. axb4 Ng5 $36 {[%mdl 2048] Black is pushing.} 31. Ne7+ Kh8 $1 32. Qh4 $2 (32. Qd4 $1 $11 {and White has nothing to worry.}) 32... Be6 $19 33. f4 {[#]} Nf3 $1 {[%cal Rf3h4]} ({Inferior is} 33... Bxc4 34. fxg5 Bxf1 35. Rxf1 $11) 34. gxf3 {Threatens to win with f5.} Bxe7 35. f5 Bxf5 36. Be2 Kh7 37. Rg1 Bg6 38. Qf2 Bd6 39. h4 Be5 40. Bxe5 Qxe5 41. Bf1 Rd4 42. Rg4 Rd1 43. Rg1 Rd4 44. Rg4 $1 {[%cal Rg4d4]} Rxg4 45. fxg4 Qe4+ 46. Qg2 Qe1 47. Kg1 Be4 48. Qf2 $2 (48. Qe2 Qg3+ 49. Bg2 Bxg2 50. Qxg2 Qe1+ 51. Qf1 Qxh4 52. Qe2) 48... Qxb4 49. Qd4 Qe1 {( -> ...Qg3+)} 50. Qf2 Qc3 51. Qe3 {[#]} (51. Qh2 $19) 51... Qe5 $2 (51... Qxe3+ {mates} 52. Kh2 Qf4+ 53. Kh3 Qxf1+ 54. Kg3 Qg2+ 55. Kf4 Qf3#) 52. Kf2 g6 53. Bd3 $2 (53. h5) 53... Bc6 (53... Qh2+ $142 54. Kf1 Qg2+ 55. Ke1 Bxd3 56. Qxd3 Qxg4) 54. Ke2 (54. Qxb6 $142 Qh2+ 55. Ke1 Qxh4+ 56. Qf2) 54... Bd7 {Precision: White = 37%, Black = 60%.} 0-1

[Event "2nd IMSA Basque 2017-Women"]
[Site "Huaian"]
[Date "2017.12.14"]
[Round "2"]
[White "Ju, Wenjun"]
[Black "Stefanova, Antoaneta"]
[Result "1/2-1/2"]
[WhiteElo "2567"]
[BlackElo "2500"]
[Annotator "TA"]
[PlyCount "202"]
[EventDate "2017.??.??"]
[EventType "tourn"]
[EventCountry "CHN"]
[SourceTitle "playchess.com"]
[Source "ChessBase"]
[SourceQuality "1"]

{[%evp 22,201,22,-12,-10,-18,-12,-12,0,-8,6,-38,-25,-43,-43,-39,-50,-82,-68,-80,-63,-78,0,-79,-64,-60,-60,-81,0,-68,-47,-55,-55,-52,-51,-50,-50,-53,-47,-71,-66,-82,-68,-64,-63,-62,-61,-50,0,-127,0,0,0,0,0,-1,0,-8,0,0,0,-9,0,-13,0,-27,-27,-27,-27,-27,-27,-34,0,0,0,0,0,0,0,0,0,0,0,0,0,-8,-8,-8,-8,-8,-8,-8,-8,-8,-8,-8,0,0,0,-8,-8,-8,-8,-8,-8,-45,-8,-18,0,-8,-8,-16,-8,-60,-60,-67,-67,-67,-67,-67,-60,-60,-60,-67,-67,-60,-60,-67,-67,-67,-67,-67,-67,-67,-60,-60,0,-67,-67,-67,-67,-67,-67,-67,-67,-67,-67,-67,-67,-67,-67,-67,-67,-67,-67,-67,-67,-67,-67,-67,-67,-67,-67,-67,-67,-29982,-29980,-29980,-29980,-29980,0,-29980,0,-29982,-67,-67,-67,-67,-67,-69,0,0]} 1. c4 c6 2. d4 d5 3. Nf3 Nf6 4. e3 g6 5. Nc3 Bg7 6. Be2 O-O 7. O-O e6 8. b3 Nbd7 {D94: Grünfeldindisch (Geschlossenes System)} (8... Re8 9. Bb2 Nbd7 10. Qc2 b6 11. Rad1 Bb7 12. Ne5 Qc7 13. f4 Rad8 14. Bf3 c5 15. g4 cxd4 16. exd4 {1-0 (80) Giri,A (2771)-Van Foreest,J (2584) Reykjavik 2017}) 9. Bb2 b6 10. Qc2 Bb7 11. Rad1 Qc7 12. e4 {LiveBook: 3 Partien} dxe4 13. Nxe4 Nxe4 14. Qxe4 c5 15. Qc2 cxd4 16. Bxd4 $146 ({Vorgänger:} 16. Nxd4 a6 17. Bf3 Rad8 {½-½ (17) Mertanen,J (2374)-Gonda,L (2547) Pardubice 2012}) 16... e5 17. Bc3 Rfe8 18. Qb2 Nc5 19. Qa1 a5 20. Nd2 Rad8 21. Nf3 Ra8 22. Nd2 $1 f5 23. Rfe1 Rad8 24. Nf3 Ra8 25. Nd2 $1 e4 26. Bxg7 Qxg7 27. Qxg7+ Kxg7 28. Nb1 Rad8 29. Nc3 Bc6 30. f3 exf3 31. Bxf3 Rxe1+ (31... Rxd1 {with more complications.} 32. Rxd1 Bxf3 33. gxf3 Re3 34. Nd5 Re2) 32. Rxe1 Bxf3 33. gxf3 $17 {[%mdl 4096] Endspiel KTS-KTS} Rd3 34. Nd5 b5 35. Re3 (35. Re7+ $11 Kh6 36. Kf2) 35... Rd2 (35... bxc4 $17 36. bxc4 Rxe3 37. Nxe3 Nd3) 36. Re7+ $11 Kf8 37. Rxh7 bxc4 38. bxc4 Rxa2 39. Ra7 a4 40. h4 Ne6 41. Nc3 Ra3 42. Nxa4 Rxf3 43. c5 Rf4 44. c6 {zielt auf Sc5! ab.} Rc4 45. Nb6 Rxc6 46. Nd7+ Ke8 47. Ne5 Rc1+ 48. Kf2 g5 49. hxg5 Nxg5 50. Ng6 Rc5 51. Ke3 Kd8 52. Nf4 Rc4 {Und weiter mit ...Te4+ wäre nett.} 53. Rg7 Re4+ 54. Kd3 Nf3 55. Ng6 Rg4 {Weiss muss nun ...Txg6! beachten.} 56. Rg8+ Kc7 {Droht stark ...Txg6!} 57. Ne7 Ne5+ 58. Kc3 Rc4+ 59. Kb3 f4 60. Rg5 Re4 {Und ...f3 würde nun gewinnen.} 61. Nd5+ Kd6 62. Nc3 $1 {[%cal Rc3e4]} Re3 {...f3 ist eine echte Drohung.} 63. Kc2 Nf3 64. Rg8 $1 Ne5 65. Rf8 f3 66. Nb5+ Kc5 67. Nc7 ({Günstiger ist} 67. Nc3 $11) 67... Re2+ $15 68. Kd1 Ra2 69. Ne6+ $1 Kc4 70. Ng5 $1 f2 71. Ne4 Ng4 {[#]} 72. Nxf2 $1 {[%mdl 512]} Nxf2+ {KTS-KT} (72... Rxf2 73. Rxf2) 73. Ke1 Ne4 74. Rf3 Kd4 75. Rh3 Nf2 76. Rf3 Nd3+ 77. Kf1 Ra1+ (77... Ke4 {seems wilder.} 78. Rf8 Ke3 79. Re8+ Kf3 80. Rf8+ Nf4) 78. Ke2 Ra2+ 79. Kf1 Ke4 80. Rg3 Ra1+ 81. Kg2 Nf4+ 82. Kf2 Ra2+ 83. Kf1 Nd5 84. Kg1 Kf4 85. Rg2 Ra1+ 86. Kh2 Ne3 87. Rf2+ Kg4 88. Rf8 Ra2+ 89. Kg1 $1 Rg2+ 90. Kh1 Re2 91. Kg1 $1 Kg3 {( -> ...Te1+)} 92. Rg8+ Ng4 {[%cal Re2e1]} 93. Rf8 $2 {[%mdl 8192] [#]} (93. Kf1 $15) 93... Re1+ 94. Rf1 Re8 95. Rf7 Re1+ 96. Rf1 Re2 97. Rf8 $1 Rd2 $2 (97... Re5 {setzt Matt} 98. Rf7 Re8 99. Rf5 Rd8 100. Rf7 Ne5 101. Rg7+ Kf3 102. Kh1 Rh8+ 103. Kg1 Rd8 104. Kh1 Rh8+ 105. Kg1 Ra8 106. Kh1 Rd8 107. Rg5 Ng4 108. Rf5+ Kg3 109. Kg1 Ne3 110. Rg5+ Kf3 111. Kh1 Rd1+ 112. Kh2 Ng4+ 113. Rxg4 Kxg4 114. Kg2 Rd2+ 115. Kf1 Kf3 116. Kg1 Rd1+ 117. Kh2 Rf1 118. Kh3 Rh1#) 98. Kf1 Rh2 99. Ke1 Ne5 100. Kd1 Nd3 (100... Nc4 $15) 101. Rf3+ $1 $11 Kxf3 $2 {[%mdl 8192] Precision: Weiß = 62%, Schwarz = 53%.} (101... Kg4 102. Rxd3 Kf4) 1/2-1/2

[Event "2nd IMSA Basque 2017-Women"]
[Site "Huaian"]
[Date "2017.12.14"]
[Round "2"]
[White "Kosteniuk, Alexandra"]
[Black "Muzychuk, Mariya"]
[Result "1/2-1/2"]
[WhiteElo "2557"]
[BlackElo "2544"]
[Annotator "TA"]
[PlyCount "84"]
[EventDate "2017.??.??"]
[EventType "tourn"]
[EventCountry "CHN"]
[SourceTitle "playchess.com"]
[Source "ChessBase"]
[SourceQuality "1"]

{[%evp 9,84,0,15,0,9,10,19,-8,0,-8,21,-11,14,-8,-10,-8,-11,-20,29,0,37,11,7,10,32,22,34,9,10,10,10,12,28,20,46,0,0,0,87,18,11,9,32,24,25,0,44,31,27,0,0,0,0,0,7,0,0,0,0,0,0,0,0,0,0,0,0,0,0,0,0,0,0,0,0,0,0]} 1. e4 e5 2. Bc4 Nc6 3. Nc3 Nf6 4. d3 Na5 5. Nge2 d6 6. Ng3 {C28: Vienna Game: 2...Nf6 3 Bc4 Nc6} (6. Bb3 {with more complications.} c6 7. O-O b5 8. f4 Be7 9. h3) 6... Nxc4 (6... c6 {feels hotter.} 7. O-O Nxc4 8. dxc4 Be6 9. Qd3 Nd7) 7. dxc4 Be6 8. Qd3 c6 $146 ({Predecessor:} 8... g6 9. h4 c6 10. h5 Be7 11. hxg6 fxg6 12. Bh6 Qc7 13. Nf1 O-O-O {½-½ (43) Kogan,A (2483)-Beliavsky,A (2640) Nova Gorica 2000}) 9. O-O Be7 10. Rd1 Qc7 11. b3 O-O 12. h3 Rfd8 13. Qf3 Rd7 14. Bg5 Kh8 15. Nf5 Bxf5 16. Qxf5 Rad8 17. Rd3 h6 18. Bh4 Nh7 {[%cal Bf6h7,Bh7g5,Bg5e6,Be6f4][%mdl 32]} 19. Bxe7 Rxe7 20. Rad1 Red7 21. c5 Ng5 22. h4 Ne6 23. cxd6 Qa5 (23... Rxd6 $11 24. Rxd6 Rxd6) 24. a4 ({White should play} 24. Na4 $16) 24... Nf4 $11 25. Rf3 Qc5 26. g3 Ne6 27. Rfd3 (27. b4 {seems wilder.} Qxb4 28. Qxe5 b6 29. Kg2 Qc4 30. Qf5) 27... Rxd6 (27... b6 {is interesting.} 28. b4 Qxb4 29. Qxe5 Nc5 30. Re3 f6) 28. Rxd6 Rxd6 29. Rxd6 Qxd6 {The position is equal.} 30. Qxf7 Nd4 $1 31. Qxb7 Qc5 32. Nd1 {[#] Ne3 is the strong threat.} Qxc2 33. Ne3 Qxe4 34. Qxa7 Nf3+ 35. Kf1 Qb1+ 36. Kg2 e4 37. Qb8+ Kh7 {[#] ( -> ...Qg1+)} 38. Nf1 Ne1+ 39. Kg1 Nf3+ 40. Kg2 {Hoping for Qf4.} Ne1+ 41. Kg1 Nf3+ 42. Kg2 {Strongly threatening Qf4.} Ne1+ {Precision: White = 34%, Black = 47%.} 1/2-1/2

[Event "2nd IMSA Basque 2017-Women"]
[Site "Huaian"]
[Date "2017.12.14"]
[Round "2"]
[White "Lagno, Kateryna"]
[Black "Paehtz, Elisabeth"]
[Result "1-0"]
[WhiteElo "2547"]
[BlackElo "2464"]
[Annotator "TA"]
[PlyCount "121"]
[EventDate "2017.??.??"]
[EventType "tourn"]
[EventCountry "CHN"]
[SourceTitle "playchess.com"]
[Source "ChessBase"]
[SourceQuality "1"]

{[%evp 11,121,0,22,19,26,12,19,5,26,11,18,3,12,16,3,-13,13,-42,-45,-54,-40,-71,-85,-97,-74,-96,0,0,0,-18,-8,-24,0,0,0,0,16,4,20,14,34,0,6,0,15,10,25,35,25,0,0,0,0,0,5,0,0,-15,-4,0,0,0,0,0,0,-9,47,44,52,56,106,103,155,158,226,226,211,47,47,47,56,68,61,0,34,0,56,57,60,49,64,58,102,105,112,116,117,84,83,27,99,99,624,624,596,611,610,603,581,566,29951,9766]} 1. e4 c5 2. Nf3 d6 3. d4 cxd4 4. Nxd4 Nf6 5. Nc3 a6 6. a3 Nc6 {LiveBook: 6 Partien. B90: Sizilianisch (Najdorf-Variante, Abweichungen)} (6... e5 7. Nf5 d5 8. Bg5 d4 9. Bxf6 gxf6 10. Nb1 Bxf5 11. exf5 Qd5 12. Qd3 Qa5+ 13. Nd2 Bb4 14. O-O-O Bxd2+ 15. Qxd2 Qxd2+ 16. Rxd2 {1-0 (40) Demchenko,A (2645)-Areshchenko,A (2652) Tbilisi 2017}) 7. Be2 g6 8. Be3 Bg7 {Die Stellung ist ausgeglichen.} 9. O-O O-O 10. f4 Bd7 11. Bf3 Nxd4 $146 ({Vorgänger:} 11... Na5 12. b3 Rc8 13. Qd2 Nc6 14. Nxc6 Bxc6 15. Rad1 b5 16. f5 Qc7 17. fxg6 hxg6 18. Rf2 {½-½ (57) Brusila,H (2277)-Strengell,O (2216) ICCF email 2005}) 12. Bxd4 Bc6 13. Qe2 Nd7 14. Be3 (14. Bxg7 $11 Kxg7 15. Qf2) 14... Rc8 {Droht stark ...Lxc3.} 15. Rfd1 Qc7 16. Qf2 b5 17. Rd2 Qb7 18. Bd4 Bxd4 (18... e5 $17 19. fxe5 Nxe5) 19. Rxd4 Nc5 20. f5 Nd7 21. Be2 Ne5 22. f6 exf6 23. Qxf6 Qb6 24. Qf2 Rfd8 25. Rad1 Bb7 26. Nd5 Bxd5 $1 27. Rxd5 Qc7 28. c3 Kg7 29. Qd4 Qb7 30. Bf3 Rc4 31. Qe3 Qe7 32. Be2 Rc6 33. Qd4 {Txe5! ist eine echte Drohung.} f6 34. a4 bxa4 35. Qxa4 {Und Txe5! würde nun gewinnen.} Qa7+ 36. Qd4 Qc7 37. Ra1 Rb8 38. Ra2 Rcb6 (38... Rb3 $11) 39. b4 $14 Rc6 40. Rxa6 Rxa6 41. Bxa6 Rb6 (41... Nc6 $142 42. Qe3 Ra8) 42. Be2 Rc6 (42... Qb8 $16 {ist wohl besser.} 43. b5 Qc7) 43. Ra5 $1 $18 {[%cal Ra5a7]} ({Bloß nicht} 43. c4 Ra6 $16) 43... Rb6 ({Aber nicht} 43... Rxc3 $2 44. Ra7 $18) 44. Ra6 $2 (44. b5 $18) 44... Rxa6 $14 45. Bxa6 Nc6 46. Qe3 Ne5 47. Qd4 Nc6 $1 {[%cal Rc6d4]} 48. Qe3 Ne5 49. Be2 h5 50. h3 h4 51. b5 Nd7 52. Bg4 Nc5 {[#]} 53. Qd4 $1 Qb6 54. Kh2 Qb8 {[#]} 55. Bf3 (55. Qd5 $1 $16) 55... Ne6 (55... Qxb5 $11 {hält das Gleichgewicht.} 56. Qxd6 Nd7) 56. Qd5 $16 Nf4 $2 {[%mdl 8192]} (56... Ng5 $16) 57. Qc6 $18 d5 {zielt auf ...dxe4 ab.} 58. b6 Ne6+ 59. Kg1 Qg3 {beabsichtigt ...De1+.} 60. Kf1 ({Lieber nicht} 60. Qxe6 Qe1+ 61. Kh2 Qg3+ 62. Kh1 Qe1+ 63. Kh2 Qg3+ 64. Kh1 Qe1+ 65. Kh2 $11) 60... Ng5 61. Qc7+ {Precision: Weiß = 43%, Schwarz = 55%.} 1-0

[Event "2nd IMSA Basque 2017-Women"]
[Site "Huaian"]
[Date "2017.12.14"]
[Round "2"]
[White "Muzychuk, Mariya"]
[Black "Kosteniuk, Alexandra"]
[Result "1/2-1/2"]
[WhiteElo "2544"]
[BlackElo "2557"]
[Annotator "TA"]
[PlyCount "98"]
[EventDate "2017.??.??"]
[EventType "tourn"]
[EventCountry "CHN"]
[SourceTitle "playchess.com"]
[Source "ChessBase"]
[SourceQuality "1"]

{[%evp 22,98,17,18,38,7,7,12,9,0,0,0,0,0,0,0,11,7,7,0,0,0,11,0,12,0,0,0,0,0,0,0,0,0,10,0,18,0,8,6,16,16,16,16,152,28,81,84,81,52,49,44,98,55,56,35,35,28,35,35,33,0,3,2,4,0,0,0,0,0,0,0,0,0,0,0,0,0,18]} 1. e4 e5 2. Nf3 Nc6 3. d4 exd4 4. Nxd4 Nf6 {[%cal Bg8f6,Bf6d5,Bd5b6][%mdl 32]} 5. Nxc6 bxc6 6. e5 Qe7 7. Qe2 Nd5 8. c4 Nb6 9. Nc3 Bb7 {C45: Scotch Game} (9... Ba6 10. b3 O-O-O 11. Bb2 Re8 12. f4 f6 13. O-O-O fxe5 14. Qxe5 Qxe5 15. fxe5 Rxe5 16. Bd3 Re3 17. Rhf1 {0-1 (24) Nepomniachtchi,I (2751)-Karjakin,S (2783) chess.com INT 2017}) 10. Bd2 Qe6 11. O-O-O O-O-O 12. f4 {LiveBook: 5 Games} g5 $146 ({Predecessor:} 12... d5 13. exd6 cxd6 14. Qxe6+ fxe6 15. Be2 d5 16. Rhe1 h5 17. Bd3 {1-0 (46) Jones,G (2676)-Abdumalik,Z (2430) Sharjah 2017}) 13. Ne4 gxf4 14. Bxf4 c5 15. Qc2 Bh6 16. Bxh6 Qxh6+ 17. Kb1 Bxe4 18. Qxe4 Qg6 19. Re1 d6 $132 {[%mdl 2048] Black puts up resistance} 20. Qxg6 hxg6 21. exd6 Rxd6 22. b3 Rd2 23. Re2 Rhd8 24. g3 f5 25. h4 Rd1+ 26. Kb2 a5 27. Reh2 a4 28. Bh3 axb3 29. axb3 Rxh1 30. Rxh1 $11 {[%mdl 4096] Endgame Threatens to win with h5! KRB-KRN} Rd2+ 31. Kc3 Rf2 $1 32. g4 Rf3+ {[#]} (32... fxg4 $1 $11 {remains equal.} 33. Bxg4+ Kd8) 33. Kc2 (33. Kd2 $1 $16) 33... Nd7 (33... Rf2+ $11 34. Kd3 fxg4 35. Bxg4+ Kd8) 34. gxf5 $16 gxf5 35. h5 {[%cal Bh4h5,Bh5h6][%mdl 32]} Nf6 36. h6 Nh7 ({Black should try} 36... Kd7 $14) 37. Bf1 Kd8 38. Rg1 {[#] Black must now prevent Be2.} Nf6 39. Bd3 {h7! is the strong threat.} (39. Kd1 {keeps more tension.} Rf4 40. Rg6 Rxf1+ 41. Ke2 Rb1 42. Rxf6 Ke7 43. Rxf5 Rh1 44. Rxc5 Kd6 45. Rd5+) 39... Rh3 40. Bxf5 Rxh6 41. Bd3 Ke7 {The position is equal.} 42. Re1+ Kd6 43. Rf1 Nd7 44. Rd1 {Hoping for Bf5+.} Rh2+ 45. Kc3 Rh3 46. Kc2 Rh2+ 47. Kc3 {And now Bf5+ would win.} Rh3 48. Kc2 Rh2+ 49. Kc3 {aiming for Bf5+.} Ke6 {Precision: White = 46%, Black = 44%.} 1/2-1/2

[Event "2nd IMSA Basque 2017-Women"]
[Site "Huaian"]
[Date "2017.12.14"]
[Round "2"]
[White "Dzagnidze, Nana"]
[Black "Tan, Zhongyi"]
[Result "1-0"]
[WhiteElo "2522"]
[BlackElo "2517"]
[Annotator "TA"]
[PlyCount "77"]
[EventDate "2017.??.??"]
[EventType "tourn"]
[EventCountry "CHN"]
[SourceTitle "playchess.com"]
[Source "ChessBase"]
[SourceQuality "1"]

{[%evp 14,77,35,8,20,12,14,27,29,12,33,37,43,53,91,39,32,27,98,4,15,12,18,-6,25,12,29,19,26,20,33,12,53,53,102,17,37,16,27,23,16,16,20,8,23,2,3,0,52,41,108,41,39,18,50,17,114,35,43,56,325,337,29997,29998,29998,29999]} 1. d4 Nf6 2. Nf3 d5 3. c4 e6 4. Nc3 Bb4 5. cxd5 exd5 6. Bg5 h6 7. Bh4 c5 8. e3 c4 {D38: Queen's Gambit Declined: Ragozin Defence (4 Nf3 Bb4)} 9. Nd2 (9. Be2 Nc6 10. O-O g5 11. Bg3 O-O 12. Ne5 Bxc3 13. bxc3 Ne4 14. Bf3 Nxg3 15. hxg3 Bf5 16. Bg4 {½-½ (75) Leko,P (2712)-Hou,Y (2653) Danzhou 2016}) 9... g5 10. Bg3 Bf5 {White has an edge.} 11. h4 {Threatens to win with hxg5.} g4 12. Be2 Nc6 13. O-O Qe7 $146 ({Predecessor:} 13... O-O 14. e4 dxe4 15. Nxc4 Qxd4 16. Qa4 Bxc3 17. Rad1 Qc5 18. Bd6 b5 19. Qa6 Bc8 20. Bxc5 {1-0 (20) Kushnaryov,A (2023)-Van Bommel,T (1841) LSS email 2014}) 14. a3 ({White should play} 14. e4 $16 Bxe4 15. Ndxe4 dxe4 16. Bxc4) 14... Bxc3 $14 15. bxc3 Qe6 (15... O-O $11) 16. Bf4 (16. e4 $1 $16 {[%cal Re4f5]} Bxe4 17. Nxe4 Nxe4 18. Bxg4) 16... O-O-O $11 17. Re1 Nh5 18. Nf1 Rhe8 19. Ng3 Nxg3 $1 ({Of course not} 19... Nxf4 $6 20. exf4 Kc7 21. Bxc4 $1 $16 {[%mdl 512]}) 20. Bxg3 h5 21. Qa4 Be4 22. Qb5 Re7 23. a4 b6 24. a5 (24. Kh2 $16) 24... Nxa5 25. Bd1 {Strongly threatening Rxa5.} Nb3 26. Bxb3 cxb3 27. Qxb3 Qc6 28. Re2 Bd3 29. Rb2 $40 {[%mdl 128] White attacks.} Bc4 30. Qc2 Qg6 (30... Kb7 $11) 31. Qa4 $14 Rb7 (31... Rdd7 $14) 32. Rb4 (32. e4 $1 $16) 32... b5 33. Qa5 Qc6 34. Bf4 Rdd7 {[#]} (34... Kd7 $11 {keeps the balance.}) 35. Rb2 ({Better is} 35. Rbb1 $1 $16) 35... Rb6 36. Qb4 {Hoping for Qf8+.} Kb7 $2 {[%mdl 8192]} (36... Qf6 $14) 37. Qf8 $18 {[%csl Gf4][%cal Rf8b8]} Qg6 $2 (37... Rc7 $18 38. Bxc7 Qxc7) 38. Qb8+ Kc6 39. Qc8+ {Precision: White = 37%, Black = 30%.} 1-0

[Event "2nd IMSA Basque 2017-Women"]
[Site "Huaian"]
[Date "2017.12.14"]
[Round "2"]
[White "Tan, Zhongyi"]
[Black "Dzagnidze, Nana"]
[Result "1-0"]
[WhiteElo "2517"]
[BlackElo "2522"]
[Annotator "TA"]
[PlyCount "107"]
[EventDate "2017.??.??"]
[EventType "tourn"]
[EventCountry "CHN"]
[SourceTitle "playchess.com"]
[Source "ChessBase"]
[SourceQuality "1"]

{[%evp 19,107,21,23,0,0,0,17,13,29,19,54,23,320,129,138,140,179,159,172,137,168,72,89,79,119,125,110,50,111,84,74,40,31,39,90,89,91,17,129,127,128,128,123,130,171,171,175,175,180,179,187,185,185,0,187,178,175,168,185,182,214,207,208,207,209,179,179,179,179,179,522,508,790,790,771,735,709,679,1268,1133,29977,29978,29978,29979,29979,29980,29980,29981,29980,29981]} 1. d4 Nf6 2. c4 e6 3. Nf3 d5 4. Nc3 Bb4 5. e3 O-O 6. Bd3 dxc4 7. Bxc4 c5 8. O-O Nbd7 9. Qe2 b6 10. Rd1 Bb7 {LiveBook: 13 Partien. E55: Nimzoindisch (Moderne Variante)} (10... cxd4 11. exd4 Bb7 12. d5 Bxc3 13. dxe6 Bxf3 14. gxf3 fxe6 15. bxc3 Qc7 16. Ba3 Nc5 17. Rd4 Kh8 18. Re1 Rac8 19. Qe5 Qf7 20. Bc1 {1-0 (30) Aronian,L (2773)-Karjakin,S (2722) Bilbao 2009}) 11. dxc5 Bxc5 12. a3 Qc7 $146 {Die Stellung ist ausgeglichen.} ({Vorgänger:} 12... Qb8 13. Ba6 Bxa6 14. Qxa6 Rc8 15. Bd2 Be7 16. Be1 Nc5 17. Qe2 Nfe4 18. Nxe4 Nxe4 {½-½ (48) Kanakaris,G (2359)-Macieja,B (2515) Achaea 2017}) 13. b4 Bxf3 14. gxf3 Bxb4 15. axb4 {Und Sb5 würde nun gewinnen.} Rfc8 $2 {[%mdl 8192]} (15... Ne5 $1 $11 {und Schwarz muss sich keine Sorgen machen.}) 16. Ba6 ({Weniger gut wäre} 16. Rd4 Ne5 $16) (16. Ne4 $1 $18 {ist der präzise Gewinnweg.}) 16... Qxc3 $16 17. Bd2 $36 {[%mdl 2048] Schwarz steht unter starkem Druck.} Qe5 18. Bxc8 Rxc8 19. Rac1 Re8 20. Bc3 (20. f4 $1 $18 {[%cal Rf4e5] und Weiss behält klar die Oberhand.} Qb8 21. Bc3) 20... Qh5 21. Kh1 Ne5 22. Bxe5 Qxe5 23. Qc4 ({Günstiger ist} 23. Rd4 $16) 23... h6 ({Besser ist} 23... Qf5 $1 $14) 24. Rg1 Qf5 25. Qc6 Rd8 26. Rg3 Nh5 (26... g6 $1 $14) 27. Rg2 $1 Nf6 28. Qb7 ({Lieber} 28. Qc7 $16 Rd7 29. Qc8+ Kh7 30. Qc2) 28... Rd7 (28... g6 $11 {bleibt in der Remisbreite.}) 29. Qc8+ Kh7 {[#]} 30. Qc2 $1 Qxc2 31. Rxc2 {[%mdl 4096] Endspiel KTT-KTS} a5 32. bxa5 bxa5 33. Rg1 Rd5 34. Rgc1 Rf5 35. Kg2 Rg5+ 36. Kh1 Rf5 $1 37. f4 g5 38. fxg5 hxg5 39. Kg2 Kg6 40. Rc5 Nd5 41. Kg3 g4 42. R1c4 ({Keinesfalls} 42. Kxg4 $6 Rxf2 43. Kg3 (43. Rxa5 Nxe3+ 44. Kg3 Rb2 $16) 43... Re2 $14) 42... Rf3+ 43. Kg2 f5 44. Rxa5 f4 $2 (44... Kf6 {ist eine bessere Chance.} 45. Rac5 Ke7) 45. Re4 $18 Kf5 (45... Kf7 $142 46. Ra7+ Kf6) 46. Rxf4+ $1 Rxf4 47. exf4 Kxf4 {KT-KS} 48. Ra4+ Kf5 49. Kg3 Nf6 50. Rf4+ {Weiß setzt Matt.} Kg5 {[#]} 51. Rxf6 $1 {[%mdl 512]} Kxf6 52. Kxg4 Kg6 53. Kf4 Kf6 54. h4 {Precision: Weiß = 62%, Schwarz = 34%.} 1-0

[Event "2nd IMSA Basque 2017-Women"]
[Site "Huaian"]
[Date "2017.12.14"]
[Round "2"]
[White "Harika, Dronavalli"]
[Black "Ushenina, Anna"]
[Result "1/2-1/2"]
[WhiteElo "2504"]
[BlackElo "2416"]
[Annotator "TA"]
[PlyCount "101"]
[EventDate "2017.??.??"]
[EventType "tourn"]
[EventCountry "CHN"]
[SourceTitle "playchess.com"]
[Source "ChessBase"]
[SourceQuality "1"]

{[%evp 17,101,16,14,11,19,0,0,-34,-35,-25,-28,-29,-11,-4,-8,-19,-18,-23,-1,-33,-12,-22,-16,-52,-58,-54,-44,-56,-45,-43,-38,-41,-40,-54,-40,-94,-16,-30,-6,-10,-8,-14,0,-8,-8,-11,-14,-33,-20,-81,0,-86,0,0,0,0,0,-55,0,0,0,0,0,0,0,0,0,0,0,0,0,0,0,0,0,0,0,0,0,0,0,0,0,0,0,0]} 1. Nf3 d5 2. c4 dxc4 3. e3 Be6 4. Na3 Nf6 5. Nxc4 Bd5 (5... c5 6. Qa4+ Nbd7 7. d4 cxd4 8. Nxd4 Bd5 9. Bd2 g6 10. Ne5 Bg7 11. Nxd7 Nxd7 12. Qb5 {½-½ (46) Malakhov,V (2690)-Sokolov,I (2673) Sibenik 2007}) 6. Be2 {A09: Réti Opening: 1 Nf3 d5 2 c4} e6 7. O-O c5 8. b3 Be7 9. Bb2 O-O {LiveBook: 4 Games} 10. d3 b6 11. e4 $146 ({Predecessor:} 11. Qc2 Nbd7 12. a3 {½-½ (26) Bagaturov,G (2412)-Dedebas,E (2322) Izmir 2017}) 11... Bb7 12. Nfe5 Nfd7 13. f4 Nxe5 14. Nxe5 Nc6 15. Nxc6 Bxc6 16. f5 exf5 17. Rxf5 f6 18. Qe1 Bd7 19. Rf1 Bd6 20. Rd1 Qe7 21. d4 cxd4 $1 22. Bxd4 Rad8 23. Bc4+ Be6 {Threatens to win with ...Bxc4.} 24. Qe2 Kh8 25. Bxe6 Qxe6 26. Rd3 {[#]} (26. g3 $15) 26... Be5 ({Black should play} 26... Bxh2+ $1 $17 {[%mdl 512]} 27. Kxh2 Rxd4 28. Rxd4 Qe5+ 29. g3 Qxd4) 27. Rfd1 Bxd4+ 28. Rxd4 Rxd4 29. Rxd4 $11 {[%mdl 4096] Endgame KQR-KQR} Re8 30. Qd2 h6 31. h3 Qe5 32. a4 Kh7 33. b4 (33. Qd3 $11 {keeps the balance.}) 33... Qg3 (33... Rc8 $1 $17 34. Kf1 Qg3) 34. b5 {[#]} (34. Qf2 $1 $11 Qc3 35. b5) 34... Re5 ({Black should try} 34... Rc8 $1 $17) 35. Qf2 Qb3 36. Kh2 Qe6 37. Qf3 {[#]} ({Better is} 37. Qe3 $11) 37... Rg5 (37... Rxb5 $1 $15 {[%mdl 512]} 38. axb5 Qe5+ 39. Kh1 Qxd4 40. Qf5+ g6) 38. Rd5 {The position is equal.} Re5 39. Rxe5 Qxe5+ {KQ-KQ} 40. Kh1 Qa1+ 41. Kh2 Qe5+ 42. Kh1 Kh8 43. Qg4 Qa1+ 44. Kh2 Qe5+ 45. Kh1 Qa1+ 46. Kh2 Qe5+ 47. Kh1 Qc7 48. Qf5 Qc1+ 49. Kh2 Qc7+ 50. Kh1 Qc1+ 51. Kh2 {Precision: White = 52%, Black = 51%.} 1/2-1/2